[Event "KM WGP 2016"]
[Site "Khanty-Mansiysk RUS"]
[Date "2016.11.24"]
[Round "5.4"]
[White "Pogonina, Natalija"]
[Black "Gunina, Valentina"]
[Result "1/2-1/2"]
[WhiteTitle "WGM"]
[BlackTitle "GM"]
[WhiteElo "2492"]
[BlackElo "2525"]
[WhiteFideId "4147855"]
[BlackFideId "4167570"]
[EventDate "2016.11.19"]

1. d4 Nf6 2. c4 e6 3. Nf3 b6 4. g3 Bb7 5. Bg2 Bb4+ 6. Bd2 c5 7. Bxb4 cxb4 8. O-O
O-O 9. Qd3 d6 10. Nbd2 Qc7 11. Rac1 Re8 12. Rfd1 a5 13. Nh4 Nc6 14. Ne4 Nxe4 15.
Bxe4 h6 16. Bg2 a4 17. d5 Ne5 18. Qd2 b3 19. axb3 axb3 20. dxe6 Rxe6 21. Bxb7
Qxb7 22. Qd5 Nc6 23. Nf5 Ra5 24. Qf3 Qc7 25. Nd4 Nxd4 26. Rxd4 Rae5 27. e4 Qc6
28. Qxb3 Rxe4 29. Rxe4 Rxe4 30. Qd3 b5 31. b3 bxc4 32. bxc4 f5 33. Rd1 Qxc4 34.
Qxc4+ Rxc4 35. Rxd6 1/2-1/2

[Event "KM WGP 2016"]
[Site "Khanty-Mansiysk RUS"]
[Date "2016.11.24"]
[Round "5.6"]
[White "Girya, Olga"]
[Black "Khotenashvili, Bela"]
[Result "0-1"]
[WhiteTitle "WGM"]
[BlackTitle "GM"]
[WhiteElo "2450"]
[BlackElo "2426"]
[WhiteFideId "4195752"]
[BlackFideId "13602640"]
[EventDate "2016.11.19"]

1. d4 Nf6 2. c4 g6 3. Nc3 d5 4. cxd5 Nxd5 5. e4 Nxc3 6. bxc3 Bg7 7. Qa4+ Nd7 8.
Nf3 O-O 9. Be2 c5 10. O-O b6 11. Rd1 Bb7 12. e5 Qc7 13. Bg5 Rfc8 14. h4 a6 15.
h5 b5 16. Qa3 e6 17. Rac1 Bf8 18. Qb2 cxd4 19. cxd4 Qa5 20. Rxc8 Rxc8 21. Rc1
Rxc1+ 22. Bxc1 Bd5 23. a3 Nb6 24. Nd2 Na4 25. Qc2 Qc3 26. Qxc3 Nxc3 27. Bd3 gxh5
28. Nb1 Bc4 29. Bxc4 Nxb1 30. Be2 Bxa3 31. Be3 Nc3 32. Bxh5 b4 33. Bd2 Bb2 34.
Bxc3 Bxc3 35. Be2 a5 36. Bd1 Bxd4 37. Kf1 Bxe5 38. Ke2 Kg7 39. Kd3 Kf6 40. Ke4
Bc7 41. f4 h6 42. Bc2 h5 43. Bd1 h4 44. Bb3 Bb8 45. Ba4 e5 46. fxe5+ Bxe5 47.
Bc2 Bb8 48. Bb3 Kg6 49. Ba4 Kg5 50. Bd1 f5+ 51. Ke3 Ba7+ 52. Kf3 Kf6 53. Kf4
Bb8+ 54. Kf3 Ke5 55. Ke3 Ba7+ 0-1

[Event "KM WGP 2016"]
[Site "Khanty-Mansiysk RUS"]
[Date "2016.11.25"]
[Round "6.1"]
[White "Skripchenko, Almira"]
[Black "Pogonina, Natalija"]
[Result "1/2-1/2"]
[WhiteTitle "IM"]
[BlackTitle "WGM"]
[WhiteElo "2455"]
[BlackElo "2492"]
[WhiteFideId "13900145"]
[BlackFideId "4147855"]
[EventDate "2016.11.19"]

1. e4 e5 2. Nf3 Nc6 3. Bc4 Bc5 4. O-O Nf6 5. d3 d6 6. c3 a6 7. a4 h6 8. Na3 O-O
9. Re1 Ba7 10. Nc2 Be6 11. Bxe6 fxe6 12. Be3 Bxe3 13. Nxe3 Qe8 14. b4 Ne7 15.
Rb1 Ng6 16. a5 Nf4 17. g3 Ng6 18. Rb2 d5 19. Nd2 Rd8 20. Ng4 Qf7 21. Nxf6+ Qxf6
22. Qe2 c6 23. Nb3 Qe7 24. Nc5 d4 25. c4 Rf6 26. Rf1 Rdf8 27. Qg4 Kh7 28. Kh1
R8f7 29. Qh3 Nf8 30. Qh5 Qc7 31. Qg4 1/2-1/2

[Event "KM WGP 2016"]
[Site "Khanty-Mansiysk RUS"]
[Date "2016.11.25"]
[Round "6.2"]
[White "Gunina, Valentina"]
[Black "Zhukova, Natalia"]
[Result "0-1"]
[WhiteTitle "GM"]
[BlackTitle "GM"]
[WhiteElo "2525"]
[BlackElo "2448"]
[WhiteFideId "4167570"]
[BlackFideId "14101513"]
[EventDate "2016.11.19"]

1. d4 d5 2. c4 c6 3. Nf3 Nf6 4. e3 e6 5. b3 c5 6. Bb2 cxd4 7. Nxd4 Bb4+ 8. Nd2
O-O 9. a3 Be7 10. cxd5 Nxd5 11. Qc2 Bd7 12. Bd3 h6 13. O-O Nc6 14. Nxc6 Bxc6 15.
Rfd1 Bf6 16. Nc4 Bxb2 17. Qxb2 Qg5 18. g3 Rfd8 19. Rd2 Nf6 20. Rad1 Ne4 21. h4
Qh5 22. Bxe4 Qxd1+ 23. Rxd1 Rxd1+ 24. Kh2 Bxe4 25. g4 Rad8 26. Qc3 f6 27. Nb2
Rh1+ 28. Kg3 Rg1+ 29. Kf4 Bc6 30. e4 e5+ 31. Ke3 Rxg4 32. f3 Rxh4 33. Qa5 Rd4
34. Qc7 Kh7 35. Qc8 Rd7 36. Nd3 Rh2 37. a4 a5 38. Nf2 h5 39. Qa8 Rg2 40. Qxa5
Rg1 41. Ke2 Ra1 42. Nd3 h4 43. Nxe5 fxe5 44. Qxe5 Ra2+ 45. Ke3 g6 46. Qf6 h3 47.
Qh4+ Kg7 48. Qxh3 Ra3 49. Qe6 Bxa4 50. Qe5+ Kf7 51. Qh8 Rxb3+ 52. Kf4 Rdd3 53.
Qh7+ Kf8 54. Qh8+ Ke7 55. Qg7+ Kd8 56. Kg5 Bc6 57. f4 Bxe4 58. Qf8+ Kd7 59. Qf7+
Kd6 60. Kf6 Bf5 61. Qf8+ Kc6 62. Qe8+ Kb6 63. Qb8 Rbc3 64. Qf8 Rc6+ 65. Kg7 Rd4
66. Qa3 Rcc4 67. Qb3+ Kc6 68. Qf3+ Re4 69. Kf6 b5 70. Qa3 Kb6 71. Qd6+ Rc6 0-1

[Event "KM WGP 2016"]
[Site "Khanty-Mansiysk RUS"]
[Date "2016.11.25"]
[Round "6.3"]
[White "Harika, Dronavalli"]
[Black "Girya, Olga"]
[Result "1/2-1/2"]
[WhiteTitle "GM"]
[BlackTitle "WGM"]
[WhiteElo "2543"]
[BlackElo "2450"]
[WhiteFideId "5015197"]
[BlackFideId "4195752"]
[EventDate "2016.11.19"]

1. e4 c6 2. d4 d5 3. e5 Bf5 4. Nf3 e6 5. Be2 Ne7 6. O-O Bg6 7. Nbd2 c5 8. c4
cxd4 9. Nxd4 Nec6 10. N2f3 dxc4 11. Bxc4 Be7 12. Be3 O-O 13. Rc1 Bh5 14. Be2 Nb4
15. Qb3 N8c6 16. Rfd1 Qc7 17. Nxc6 bxc6 18. Qc4 Rfc8 19. Bd2 Nd5 20. Re1 Rab8
21. b3 Ba3 22. Rcd1 Bb2 23. g4 Bg6 24. Bd3 Ba3 25. Bxg6 fxg6 26. Nd4 Qe7 27. Nc2
Bc5 28. Kg2 Rf8 29. Rf1 g5 30. f3 h6 31. Qe4 Rbd8 32. Kh1 Rd7 33. Rde1 Qe8 34.
b4 Bb6 35. a4 Ne7 36. Bc1 Rd5 37. f4 gxf4 38. Bxf4 Qg6 39. a5 Bc7 40. Qxg6 Nxg6
41. Be3 Rxf1+ 42. Rxf1 a6 43. Nd4 Rxe5 44. Bf2 Ne7 45. Rc1 Bd6 46. Bg3 Rd5 47.
Nxc6 Nxc6 48. Rxc6 Bxb4 49. Rxa6 Rxa5 1/2-1/2

[Event "KM WGP 2016"]
[Site "Khanty-Mansiysk RUS"]
[Date "2016.11.25"]
[Round "6.5"]
[White "Javakhishvili, Lela"]
[Black "Khotenashvili, Bela"]
[Result "1/2-1/2"]
[WhiteTitle "IM"]
[BlackTitle "GM"]
[WhiteElo "2461"]
[BlackElo "2426"]
[WhiteFideId "13601458"]
[BlackFideId "13602640"]
[EventDate "2016.11.19"]

1. d4 Nf6 2. c4 g6 3. Nc3 d5 4. cxd5 Nxd5 5. e4 Nxc3 6. bxc3 Bg7 7. Nf3 c5 8.
Be3 Qa5 9. Qd2 O-O 10. Rc1 Rd8 11. d5 e6 12. Bg5 f6 13. Be3 Nc6 14. Bd3 b6 15.
O-O Ba6 16. c4 Qxd2 17. Bxd2 Ne7 18. Rfd1 exd5 19. exd5 Nc8 20. Bf4 Nd6 21. Re1
Bf8 22. Nd2 Kf7 23. g4 Re8 24. h4 Rxe1+ 25. Rxe1 Re8 26. Rc1 Bc8 27. f3 f5 28.
g5 Bd7 29. Rb1 Ba4 30. Kf2 Kg8 31. Nf1 Nf7 32. Re1 Bg7 33. Rxe8+ 1/2-1/2

[Event "KM WGP 2016"]
[Site "Khanty-Mansiysk RUS"]
[Date "2016.11.25"]
[Round "6.6"]
[White "Khademalsharieh, Sarasadat"]
[Black "Batsiashvili, Nino"]
[Result "1/2-1/2"]
[WhiteTitle "IM"]
[BlackTitle "IM"]
[WhiteElo "2435"]
[BlackElo "2489"]
[WhiteFideId "12512214"]
[BlackFideId "13602993"]
[EventDate "2016.11.19"]

1. d4 Nf6 2. c4 e6 3. Nf3 Bb4+ 4. Nbd2 b6 5. a3 Bxd2+ 6. Qxd2 a5 7. b3 Bb7 8. e3
O-O 9. Be2 d5 10. Bb2 Nbd7 11. O-O c5 12. Rfd1 Qe7 13. a4 Rfd8 14. Qe1 Rac8 15.
Rac1 cxd4 16. Nxd4 Nc5 17. Ba3 dxc4 18. Bxc4 Nd5 19. Qe2 h6 20. Qg4 Nb4 21. Bb2
Qg5 22. Qxg5 hxg5 23. Ba3 Bd5 24. Bxb4 axb4 25. Bxd5 Rxd5 26. Rf1 Rc7 27. Rc4
Na6 28. Rxc7 Nxc7 29. Rc1 Na6 30. g4 Rc5 31. Rxc5 Nxc5 32. Kf1 f6 33. f4 gxf4
34. exf4 e5 35. fxe5 fxe5 36. Nc6 Nxb3 37. Nxb4 Nc5 38. Nc6 Nxa4 39. Nxe5 Nc5
40. h4 1/2-1/2

[Event "KM WGP 2016"]
[Site "Khanty-Mansiysk RUS"]
[Date "2016.11.26"]
[Round "7.2"]
[White "Pogonina, Natalija"]
[Black "Khademalsharieh, Sarasadat"]
[Result "0-1"]
[WhiteTitle "WGM"]
[BlackTitle "IM"]
[WhiteElo "2492"]
[BlackElo "2435"]
[WhiteFideId "4147855"]
[BlackFideId "12512214"]
[EventDate "2016.11.19"]

1. d4 Nf6 2. c4 e6 3. Nf3 d5 4. g3 Bb4+ 5. Bd2 Bd6 6. Nc3 Nc6 7. Bg5 dxc4 8. e4
e5 9. dxe5 Nxe5 10. Nxe5 Bxe5 11. Qxd8+ Kxd8 12. O-O-O+ Ke8 13. Bxc4 Be6 14. Bd5
c6 15. Bxe6 fxe6 16. f3 h6 17. Be3 b6 18. Ne2 Kf7 19. g4 Rad8 20. h4 c5 21. Kc2
Bc7 22. g5 hxg5 23. Bxg5 Rxd1 24. Rxd1 Ke8 25. Kd3 Nh7 26. Bf4 Bxf4 27. Nxf4 Nf8
28. Ng2 Ng6 29. Rh1 Ne5+ 30. Ke2 Ke7 31. h5 Rd8 32. b3 b5 33. h6 gxh6 34. Rxh6
Nc6 35. Rh7+ Kd6 36. Rh5 Nd4+ 37. Ke3 Kc6 38. Ne1 c4 39. b4 Kb6 40. Re5 Rd6 41.
Rh5 Nc6 42. a3 e5 43. f4 exf4+ 44. Kxf4 Rd2 45. Rh3 a5 46. bxa5+ Kxa5 47. Re3
Rf2+ 48. Nf3 Ka4 49. e5 Ra2 50. e6 Rxa3 51. Rxa3+ Kxa3 52. Ke4 c3 53. Nd4 Nxd4
54. e7 c2 55. e8=Q c1=Q 56. Qa8+ Kb4 57. Kxd4 Qb2+ 58. Kd3 Qa3+ 59. Qxa3+ Kxa3
60. Kc2 b4 0-1

[Event "KM WGP 2016"]
[Site "Khanty-Mansiysk RUS"]
[Date "2016.11.26"]
[Round "7.3"]
[White "Batsiashvili, Nino"]
[Black "Javakhishvili, Lela"]
[Result "0-1"]
[WhiteTitle "IM"]
[BlackTitle "IM"]
[WhiteElo "2489"]
[BlackElo "2461"]
[WhiteFideId "13602993"]
[BlackFideId "13601458"]
[EventDate "2016.11.19"]

1. d4 d5 2. c4 e6 3. Nf3 c6 4. Bg5 Be7 5. Bxe7 Qxe7 6. Nc3 Nf6 7. Qc2 Nbd7 8. e3
O-O 9. Rd1 a6 10. a3 dxc4 11. Bxc4 b5 12. Ba2 c5 13. dxc5 Qxc5 14. Bb1 g6 15. h4
Bb7 16. h5 Rfd8 17. hxg6 hxg6 18. Rd4 Bxf3 19. gxf3 Ne5 20. Rxd8+ Rxd8 21. Rh3
b4 22. axb4 Qxb4 23. Kf1 Nc4 24. Na2 Qb5 25. Kg1 Nd2 26. Qc1 Qe2 27. Kg2 Nxb1
28. Qxb1 Rd1 29. Nc3 Qf1+ 0-1

[Event "KM WGP 2016"]
[Site "Khanty-Mansiysk RUS"]
[Date "2016.11.26"]
[Round "7.4"]
[White "Zhukova, Natalia"]
[Black "Skripchenko, Almira"]
[Result "1-0"]
[WhiteTitle "GM"]
[BlackTitle "IM"]
[WhiteElo "2448"]
[BlackElo "2455"]
[WhiteFideId "14101513"]
[BlackFideId "13900145"]
[EventDate "2016.11.19"]

1. d4 Nf6 2. Nf3 e6 3. g3 b5 4. Bg2 d5 5. O-O Nbd7 6. b3 Bb7 7. c4 bxc4 8. bxc4
dxc4 9. Qa4 Bd6 10. Ne5 Bxg2 11. Kxg2 O-O 12. Nxc4 Nb6 13. Qc6 Nxc4 14. Qxc4 c5
15. Nd2 cxd4 16. Qxd4 Qe7 17. Rb1 Rfd8 18. Ne4 Nxe4 19. Qxe4 Rab8 20. Be3 h6 21.
Rfd1 Rxb1 22. Rxb1 Rd7 23. a4 f5 24. Qc6 Rc7 25. Qa8+ Kh7 26. Rb8 Qf7 27. h4 Kg6
28. a5 Qd7 29. Rd8 Qc6+ 30. Qxc6 Rxc6 31. Bxa7 Ra6 32. Bd4 Bb4 33. Rg8 Rxa5 34.
Rxg7+ Kh5 35. f3 1-0

[Event "KM WGP 2016"]
[Site "Khanty-Mansiysk RUS"]
[Date "2016.11.26"]
[Round "7.5"]
[White "Khotenashvili, Bela"]
[Black "Harika, Dronavalli"]
[Result "1/2-1/2"]
[WhiteTitle "GM"]
[BlackTitle "GM"]
[WhiteElo "2426"]
[BlackElo "2543"]
[WhiteFideId "13602640"]
[BlackFideId "5015197"]
[EventDate "2016.11.19"]

1. d4 e6 2. c4 Nf6 3. Nf3 d5 4. g3 Be7 5. Bg2 O-O 6. Qc2 c5 7. O-O cxd4 8. Nxd4
Na6 9. cxd5 Nb4 10. Qd1 e5 11. Nb5 Nbxd5 12. N1c3 Be6 13. Bg5 Nxc3 14. Nxc3 Qb6
15. Bxf6 Bxf6 16. Nd5 Bxd5 17. Bxd5 Rad8 18. e4 Rd7 19. Qd2 g6 20. h4 Kg7 21.
Kg2 Rc7 22. Rac1 Rfc8 23. Rxc7 Rxc7 24. b4 h5 25. a3 Qd6 26. Rc1 b6 27. Rb1 Qd7
28. Rc1 Qc8 29. Rxc7 Qxc7 30. Bb3 Be7 31. Qd5 Bd6 32. Qc4 1/2-1/2

[Event "KM WGP 2016"]
[Site "Khanty-Mansiysk RUS"]
[Date "2016.11.26"]
[Round "7.6"]
[White "Ju, Wenjun"]
[Black "Gunina, Valentina"]
[Result "1-0"]
[WhiteTitle "GM"]
[BlackTitle "GM"]
[WhiteElo "2580"]
[BlackElo "2525"]
[WhiteFideId "8603006"]
[BlackFideId "4167570"]
[EventDate "2016.11.19"]

1. d4 Nf6 2. c4 e6 3. g3 Bb4+ 4. Bd2 Be7 5. Bg2 d5 6. Nf3 O-O 7. O-O Nbd7 8. Qc2
c6 9. Rd1 b6 10. Bf4 Ba6 11. cxd5 cxd5 12. Ne5 Nxe5 13. dxe5 Ng4 14. h3 Nxf2 15.
Kxf2 Bc5+ 16. Be3 Bxe3+ 17. Kxe3 Rc8 18. Qd2 f6 19. Kf2 fxe5+ 20. Kg1 Qe7 21.
Nc3 Qc5+ 22. e3 Qe7 23. Rac1 h5 24. h4 Rcd8 25. e4 d4 26. Nb1 Rf6 27. Qg5 Qd6
28. Nd2 Be2 29. Nc4 Qb4 30. Qd2 Qxd2 31. Rxd2 Bxc4 32. Rxc4 g5 33. hxg5 Rg6 34.
Bh3 Re8 35. Rc6 Re7 36. Kg2 Kg7 37. Rdc2 Rxg5 38. Rxe6 Rxe6 39. Bxe6 Rg6 40.
Rc7+ Kf8 41. Bf5 1-0

[Event "KM WGP 2016"]
[Site "Khanty-Mansiysk RUS"]
[Date "2016.11.27"]
[Round "8.1"]
[White "Khademalsharieh, Sarasadat"]
[Black "Zhukova, Natalia"]
[Result "1/2-1/2"]
[WhiteTitle "IM"]
[BlackTitle "GM"]
[WhiteElo "2435"]
[BlackElo "2448"]
[WhiteFideId "12512214"]
[BlackFideId "14101513"]
[EventDate "2016.11.19"]

1. d4 d5 2. c4 c6 3. cxd5 cxd5 4. Nc3 Nf6 5. Bf4 Nc6 6. e3 Bg4 7. Qb3 Na5 8.
Qa4+ Nc6 9. Qb3 Na5 10. Qa4+ Nc6 11. Qb3 Na5 1/2-1/2

[Event "KM WGP 2016"]
[Site "Khanty-Mansiysk RUS"]
[Date "2016.11.27"]
[Round "8.2"]
[White "Javakhishvili, Lela"]
[Black "Harika, Dronavalli"]
[Result "1/2-1/2"]
[WhiteTitle "IM"]
[BlackTitle "GM"]
[WhiteElo "2461"]
[BlackElo "2543"]
[WhiteFideId "13601458"]
[BlackFideId "5015197"]
[EventDate "2016.11.19"]

1. d4 d5 2. c4 e6 3. Nc3 c6 4. e3 Nf6 5. Bd3 Nbd7 6. b3 b6 7. Nf3 Bb7 8. O-O Be7
9. Bb2 O-O 10. Qe2 Re8 11. Rfd1 c5 12. cxd5 exd5 13. Rac1 Bd6 14. dxc5 bxc5 15.
Ba6 Bxa6 16. Qxa6 Ne5 17. Qe2 d4 18. Nb5 Nxf3+ 19. Qxf3 Bxh2+ 20. Kxh2 Qb8+ 21.
Kg1 Qxb5 22. exd4 Qe2 23. Qxe2 Rxe2 24. Ba1 cxd4 25. a4 Re7 26. b4 a6 27. Bxd4
Rb7 28. Bc5 h6 29. f3 Rc8 30. a5 Rbc7 31. Be3 Rxc1 32. Rxc1 Rb8 33. Bc5 Nd5 34.
Rc4 f6 35. Rd4 Nc3 36. Rd6 Ra8 37. Rc6 Nb5 38. g4 Kf7 39. Kf2 g6 40. Be3 h5 41.
g5 fxg5 42. Bxg5 Ra7 43. Be3 Ra8 44. Bg5 Ra7 45. Bf6 Rc7 46. Rb6 Rc4 47. Be5
Rxb4 48. Rf6+ Ke7 49. Rxg6 Ra4 50. Rxa6 h4 51. Kg2 Kf7 52. f4 Nd4 53. Kh3 Ne6
54. Kg4 h3 55. Kf5 Ng7+ 56. Kg4 Ne6 57. Kg3 h2 58. Kxh2 Nxf4 59. Rf6+ Ke7 60. a6
Ne6 1/2-1/2

[Event "KM WGP 2016"]
[Site "Khanty-Mansiysk RUS"]
[Date "2016.11.27"]
[Round "8.5"]
[White "Gunina, Valentina"]
[Black "Girya, Olga"]
[Result "1-0"]
[WhiteTitle "GM"]
[BlackTitle "WGM"]
[WhiteElo "2525"]
[BlackElo "2450"]
[WhiteFideId "4167570"]
[BlackFideId "4195752"]
[EventDate "2016.11.19"]

1. d4 d5 2. c4 c6 3. Nf3 Nf6 4. e3 Bg4 5. h3 Bh5 6. Nc3 e6 7. g4 Bg6 8. Ne5 Nbd7
9. Nxg6 hxg6 10. Bd2 g5 11. cxd5 cxd5 12. Bd3 Be7 13. Rc1 Rc8 14. f3 Kf8 15. Kf2
g6 16. Qa4 a6 17. Qb3 b5 18. a4 b4 19. Ne2 a5 20. Kg2 Kg7 21. Rxc8 Qxc8 22. Rc1
Qb7 23. Qd1 Nb6 24. b3 Rc8 25. Be1 Rxc1 26. Qxc1 Qc8 27. Qd2 Qc6 28. Bf2 Nc8 29.
Qe1 Kg8 30. Qh1 Kg7 31. Kg1 Nd6 32. Bg3 Kg8 33. Qh2 Nc4 34. h4 Nd2 35. Kg2 Nxb3
36. hxg5 Nh7 37. Be5 Bxg5 38. f4 Bf6 39. f5 exf5 40. gxf5 g5 41. Qh6 Qb6 42. Ng3
Qd8 43. Nh5 Bxe5 44. f6 1-0

[Event "KM WGP 2016"]
[Site "Khanty-Mansiysk RUS"]
[Date "2016.11.27"]
[Round "8.6"]
[White "Batsiashvili, Nino"]
[Black "Pogonina, Natalija"]
[Result "1/2-1/2"]
[WhiteTitle "IM"]
[BlackTitle "WGM"]
[WhiteElo "2489"]
[BlackElo "2492"]
[WhiteFideId "13602993"]
[BlackFideId "4147855"]
[EventDate "2016.11.19"]

1. d4 Nf6 2. c4 e6 3. Nf3 d5 4. e3 b6 5. Nc3 Bd6 6. b3 O-O 7. Bb2 Bb7 8. Bd3
Nbd7 9. O-O a6 10. Rc1 Qe7 11. Na4 dxc4 12. bxc4 c5 13. Ne5 Rab8 14. Qe2 Bc7 15.
f4 Ne4 16. Rcd1 Rfd8 17. Bc2 f5 18. Nc3 Nxc3 19. Bxc3 Nf6 20. d5 b5 21. Nc6 Bxc6
22. dxc6 b4 23. Bb2 Rxd1 24. Rxd1 Rd8 25. Be5 Kf8 26. h3 Ke8 27. Bd3 g6 28. Qc2
a5 29. Qa4 Kf7 30. Qc2 Ne8 31. Be2 Rxd1+ 32. Qxd1 Nd6 33. Bf3 Ke8 34. Qc2 Nf7
35. Bxc7 Qxc7 36. Qb2 Ke7 37. Qc2 Nd6 38. g4 Qa7 39. gxf5 Nxf5 40. Qa4 Nd6 41.
Bg4 Qa6 42. Be2 Kd8 43. Bg4 Ke7 44. Be2 Kd8 1/2-1/2

[Event "KM WGP 2016"]
[Site "Khanty-Mansiysk RUS"]
[Date "2016.11.29"]
[Round "9.1"]
[White "Pogonina, Natalija"]
[Black "Javakhishvili, Lela"]
[Result "1/2-1/2"]
[WhiteTitle "WGM"]
[BlackTitle "IM"]
[WhiteElo "2492"]
[BlackElo "2461"]
[WhiteFideId "4147855"]
[BlackFideId "13601458"]
[EventDate "2016.11.19"]

1. d4 Nf6 2. c4 e6 3. g3 c5 4. d5 exd5 5. cxd5 d6 6. Nc3 g6 7. Bg2 Bg7 8. Nf3
O-O 9. O-O Re8 10. Nd2 Nbd7 11. Nc4 Ne5 12. Nxe5 Rxe5 13. Qb3 a6 14. a4 Rb8 15.
a5 b5 16. axb6 Rxb6 17. Qc2 Rh5 18. h4 Ng4 19. Qa4 Bd7 20. Qa5 Qb8 21. Na4 Rb3
22. Nc3 Rb6 23. Na4 Rb3 24. Nc3 Rb6 1/2-1/2

[Event "KM WGP 2016"]
[Site "Khanty-Mansiysk RUS"]
[Date "2016.11.29"]
[Round "9.2"]
[White "Khotenashvili, Bela"]
[Black "Gunina, Valentina"]
[Result "1-0"]
[WhiteTitle "GM"]
[BlackTitle "GM"]
[WhiteElo "2426"]
[BlackElo "2525"]
[WhiteFideId "13602640"]
[BlackFideId "4167570"]
[EventDate "2016.11.19"]

1. d4 d5 2. Nf3 Nf6 3. g3 c6 4. Bg2 Bf5 5. c4 e6 6. Nc3 Be7 7. Qb3 Qc8 8. Bf4
O-O 9. Rc1 h6 10. cxd5 exd5 11. Ne5 Be6 12. O-O Na6 13. Rfd1 Nc7 14. Na4 Rb8 15.
Nc5 Bf5 16. Qa4 Bxc5 17. dxc5 Re8 18. Nf3 Be4 19. Qa5 b6 20. Qxa7 Rb7 21. Qa3
Ne6 22. Bd6 bxc5 23. Bxc5 Nd7 24. Be3 c5 25. b4 Rxb4 26. Bxc5 Rc4 27. Be3 Qb7
28. Rxc4 dxc4 29. Qa4 Nf6 30. Qxc4 Rc8 31. Qb3 Qa8 32. Nh4 Rb8 33. Bxe4 Nxe4 34.
Qd5 Qa4 35. Rc1 Nf6 36. Qc4 Qa5 37. Nf3 Ra8 38. Rc2 Qf5 39. Kg2 Nd5 40. Bd2 Nb6
41. Qd3 Qh5 42. h3 Rd8 43. Qb3 Qg6 44. Rc1 Qe4 45. Ba5 Qxe2 46. Re1 Qa6 47. Qxb6
Qa8 48. Bc3 Rb8 49. Qa5 Qc6 50. Re3 Ra8 51. Qe5 Ra4 52. Qb8+ Kh7 53. Kh2 Qa6 54.
Qb1+ Kg8 55. Qb8+ Kh7 56. Qb1+ Kg8 57. Qf5 Rxa2 58. Ne5 Qb7 59. Kg1 Ra3 60. h4
Rb3 61. Rf3 Rb1+ 62. Kh2 Nd8 63. Qd7 Qxd7 64. Nxd7 Ne6 65. Ne5 Rb7 66. Rd3 Nc5
67. Rd8+ Kh7 68. Rf8 Ne4 69. Bd4 f6 70. Nf3 h5 71. Kg2 Kg6 72. Ng1 Rd7 73. Be3
Rd5 74. Ne2 Ra5 75. Rh8 Kf7 76. Nf4 Nd6 77. Rxh5 Nf5 78. Rh8 Ra2 79. Kf3 g5 80.
hxg5 fxg5 81. Nd3 Ra3 82. Ne5+ Kg7 83. Rh5 1-0

[Event "KM WGP 2016"]
[Site "Khanty-Mansiysk RUS"]
[Date "2016.11.29"]
[Round "9.3"]
[White "Zhukova, Natalia"]
[Black "Batsiashvili, Nino"]
[Result "0-1"]
[WhiteTitle "GM"]
[BlackTitle "IM"]
[WhiteElo "2448"]
[BlackElo "2489"]
[WhiteFideId "14101513"]
[BlackFideId "13602993"]
[EventDate "2016.11.19"]

1. d4 d5 2. Bf4 Nf6 3. e3 e6 4. Nf3 Bd6 5. Nbd2 b6 6. c3 O-O 7. Ne5 Nfd7 8. Bd3
Ba6 9. Bc2 f5 10. Ndf3 Nxe5 11. dxe5 Be7 12. h4 c5 13. Ng5 Bxg5 14. hxg5 g6 15.
Qf3 Qe7 16. g4 fxg4 17. Qxg4 Rf7 18. Rh6 Rg7 19. O-O-O Nd7 20. Kb1 Nf8 21. e4
Bb7 22. Be3 Rd8 23. exd5 Rxd5 24. f4 Rxd1+ 25. Qxd1 Qc7 26. Rh2 Bd5 27. Rd2 Qb7
28. b3 c4 29. Kb2 Rc7 30. b4 Rd7 31. Ba4 Rc7 32. Bc2 Rf7 33. Rd4 Qc6 34. a4 Qb7
35. Qa1 a5 36. Qa3 Nd7 37. Ka1 axb4 38. cxb4 Rf8 39. Kb2 Qc7 40. Qc3 Qc6 41. Rd1
Rb8 42. Qd2 Rb7 43. b5 Qc8 44. Qb4 Nc5 45. Bxc5 bxc5 46. Qd2 Qa8 47. Qe3 Rc7 48.
Ra1 Qa5 49. Kc1 Rf7 50. Rb1 c3 51. b6 Qa6 52. Rb5 Bc6 53. Rxc5 Qf1+ 54. Bd1 Rd7
55. Rxc3 Qxd1+ 56. Kb2 Rd2+ 0-1

[Event "KM WGP 2016"]
[Site "Khanty-Mansiysk RUS"]
[Date "2016.11.29"]
[Round "9.5"]
[White "Ju, Wenjun"]
[Black "Khademalsharieh, Sarasadat"]
[Result "1-0"]
[WhiteTitle "GM"]
[BlackTitle "IM"]
[WhiteElo "2580"]
[BlackElo "2435"]
[WhiteFideId "8603006"]
[BlackFideId "12512214"]
[EventDate "2016.11.19"]

1. d4 Nf6 2. c4 e6 3. g3 d5 4. Nf3 Bb4+ 5. Bd2 Be7 6. Bg2 Nbd7 7. O-O O-O 8. Nc3
dxc4 9. e4 c5 10. Bf4 Nb6 11. a4 cxd4 12. Nxd4 Bc5 13. Ndb5 Qxd1 14. Raxd1 a6
15. Nc7 Ra7 16. a5 Nbd7 17. Na4 e5 18. Nxc5 exf4 19. Nxd7 Nxd7 20. Nd5 Nc5 21.
Nxf4 Ra8 22. Rd5 Nb3 23. Rfd1 Be6 24. Nxe6 fxe6 25. Rd6 Rae8 26. e5 Nxa5 27. Bh3
Kf7 28. Rd7+ Kg8 29. R1d6 Nc6 30. Bxe6+ Kh8 31. f4 g5 32. Bf7 Re7 33. e6 Rxd7
34. Rxd7 Kg7 35. fxg5 Ne5 36. Be8+ Kg8 37. Rd8 Kg7 38. e7 1-0

[Event "KM WGP 2016"]
[Site "Khanty-Mansiysk RUS"]
[Date "2016.11.29"]
[Round "9.6"]
[White "Girya, Olga"]
[Black "Skripchenko, Almira"]
[Result "1-0"]
[WhiteTitle "WGM"]
[BlackTitle "IM"]
[WhiteElo "2450"]
[BlackElo "2455"]
[WhiteFideId "4195752"]
[BlackFideId "13900145"]
[EventDate "2016.11.19"]

1. d4 d5 2. Nf3 a6 3. Bf4 Nf6 4. e3 g6 5. h3 Bg7 6. Nbd2 O-O 7. Bd3 c5 8. c3
Nfd7 9. O-O Nc6 10. Be2 h6 11. a4 e5 12. dxe5 Ndxe5 13. Nxe5 Nxe5 14. Nf3 Nc6
15. Qb3 b6 16. Rfd1 Be6 17. Qc2 g5 18. Bg3 Qc8 19. h4 g4 20. Nh2 Ne5 21. Rd2 h5
22. Nf1 Ng6 23. Rad1 Qb7 24. Bd6 Rfd8 25. Bf4 Qe7 26. Bg5 Bf6 27. Bxf6 Qxf6 28.
Ng3 Qxh4 29. c4 Qg5 30. cxd5 Rxd5 31. Rxd5 Bxd5 32. a5 Re8 33. axb6 h4 34. Qf5
Qxf5 35. Nxf5 Bb3 36. Ra1 Rb8 37. Rxa6 Be6 38. Nd6 Bd5 39. Bxg4 Ne5 40. Bc8 Nc6
41. b7 Nd8 42. Ra5 1-0

[Event "KM WGP 2016"]
[Site "Khanty-Mansiysk RUS"]
[Date "2016.11.30"]
[Round "10.1"]
[White "Batsiashvili, Nino"]
[Black "Ju, Wenjun"]
[Result "0-1"]
[WhiteTitle "IM"]
[BlackTitle "GM"]
[WhiteElo "2489"]
[BlackElo "2580"]
[WhiteFideId "13602993"]
[BlackFideId "8603006"]
[EventDate "2016.11.19"]

1. d4 Nf6 2. c4 e6 3. Nf3 d5 4. cxd5 exd5 5. Nc3 Bb4 6. Bg5 h6 7. Bh4 O-O 8. e3
Bf5 9. Bd3 Bxd3 10. Qxd3 c6 11. O-O Nbd7 12. a3 Bd6 13. b4 Qe7 14. Rfe1 Qe6 15.
Nd2 Qg4 16. Bg3 Bxg3 17. hxg3 Rfe8 18. Nf1 h5 19. Rac1 a5 20. b5 c5 21. Na4 c4
22. Qc2 Qe6 23. f3 Qd6 24. Ra1 Nh7 25. Nc3 Nb6 26. a4 Qd7 27. Rad1 f5 28. e4
fxe4 29. fxe4 dxe4 30. Nxe4 Qf5 31. Nfd2 Rac8 32. Nf3 Nd5 33. Ne5 Ng5 34. Rc1
Nxe4 35. Rxe4 Nc3 36. Rf4 Qxc2 37. Rxc2 Nd5 38. Rf3 c3 39. Kf2 Re7 40. b6 Re6
41. Nd7 Rd6 42. Nc5 Rxb6 43. Ke2 Re8+ 44. Kd3 Nb4+ 45. Kxc3 Nxc2 46. Kxc2 Rb4
47. Kc3 b6 48. Nd3 Rc8+ 0-1